000 00324nam a2200133Ia 4500
008 200103s9999||||xx |||||||||||||| ||und||
020 _a0291396763,
040 _aIMU-MPC
082 _aColumn-32
100 _aMunro-Smith, R.
245 0 _aApplied Mechanics
260 _bThe technical press ltd., London
_c1975
942 _cBK
999 _c7596
_d7596